Marine aggregates in concrete (Record no. 108728)

MARC details
000 -LEADER
fixed length control field 00978cam a22002535a 4500
001 - CONTROL NUMBER
control field E145214
008 - FIXED-LENGTH DATA ELEMENTS--GENERAL INFORMATION
fixed length control field 080407s2008 xxk of 000 0 eng d
020 ## - INTERNATIONAL STANDARD BOOK NUMBER
International Standard Book Number 9781848060586
035 ## - SYSTEM CONTROL NUMBER
System control number (Sirsi) u145214
041 0# - LANGUAGE CODE
Language code of text/sound track or separate title eng
050 04 - LIBRARY OF CONGRESS CALL NUMBER
Classification number 690.2 $2 18
110 1# - MAIN ENTRY--CORPORATE NAME
Corporate name or jurisdiction name as entry element Building Research Establishment
245 00 - TITLE STATEMENT
Title Marine aggregates in concrete
260 ## - PUBLICATION, DISTRIBUTION, ETC.
Place of publication, distribution, etc. Watford
Name of publisher, distributor, etc. IHS BRE
Date of publication, distribution, etc. 2008
300 ## - PHYSICAL DESCRIPTION
Extent 6p.
Other physical details ill.
Dimensions 2008
490 #0 - SERIES STATEMENT
Series statement BRE Digest
Volume/sequential designation DG 507
520 ## - SUMMARY, ETC.
Summary, etc. Looks at European standards affecting concrete and aggregates, inlcuding guidance on preventing alkali-silica resction. Supersedes DG 473 (ISBN 1860816010).
521 2# - TARGET AUDIENCE NOTE
Target audience note Advanced
590 ## - LOCAL NOTE (RLIN)
Local note KA
651 #4 - SUBJECT ADDED ENTRY--GEOGRAPHIC NAME
Geographic name United Kingdom
Chronological subdivision
690 ## - LOCAL SUBJECT ADDED ENTRY--TOPICAL TERM (OCLC, RLIN)
Topical term or geographic name as entry element BUILT ENVIRONMENT-BUILDING MATERIALS-CEMENTITIOUS, CONCRETE AND MINERAL BOUND MATERIALS-CONCRETE
856 48 - ELECTRONIC LOCATION AND ACCESS
Uniform Resource Identifier <a href="https://rics.org/globalassets/rics-website/media/footer/library-document-delivery-form-rics.pdfz">https://rics.org/globalassets/rics-website/media/footer/library-document-delivery-form-rics.pdfz</a>
-- his document can be viewed in the library.
942 ## - ADDED ENTRY ELEMENTS (KOHA)
Suppress in OPAC 0
Holdings
Withdrawn status Lost status Source of classification or shelving scheme Damaged status Not for loan Home library Current library Shelving location Date acquired Total Checkouts Full call number Barcode Date last seen Copy number Price effective from Koha item type
    Dewey Decimal Classification     London London BRE publications 23/09/2009   BRE 30076468 06/08/2019 1 06/08/2019 Book